[Event "IECC Swiss email"]
[Site "IECC email"]
[Date "2003.05.24"]
[Round "?"]
[White "Kantack, Chris"]
[Black "Meijer, Wilmar"]
[Result "0-1"]
[WhiteElo "1115"]
[BlackElo "1791"]
[PlyCount "58"]
[EventDate "2003.??.??"]
[EventType "tourn (corr)"]
[EventRounds "6"]
[SourceTitle "Corr 2008"]
[Source "ChessBase"]
[SourceDate "2008.06.24"]
[SourceVersion "1"]
[SourceVersionDate "2008.06.24"]
[SourceQuality "1"]

1. e4 e6 2. d4 d5 3. Nc3 Bb4 4. e5 c5 5. a3 Bxc3+ 6. bxc3 Ne7 7. Qg4 0-0 8. Bd3 Nbc6 9. Bg5 Qa5 10. Ne2 Ng6 11. 0-0 Qa4 12. Nf4 c4 13. Bxg6 fxg6 14. Nxg6 hxg6 15. Bf6 Qxc2 16. Bxg7 Kxg7 17. Rac1 Qf5 18. Qe2 Bd7 19. Rb1 b6 20. a4 Nxd4 21. cxd4 Bxa4 22. f3 Bc2 23. g4 Qd3 24. Rbe1 Qxe2 25. Rxe2 Bd3 26. h4 Bxe2 27. Rf2 Bxf3 28. h5 Bxg4 29. hxg6 Rxf2 0-1